000 01136nam a2200241Ii 4500
003 JO-AjNU
008 230605s9999||||xx |||||||||||||| ||und||
017 _a2020/2/576
020 _a978-9957-94-556-5
040 _aJO-AjNU
_bara
_erda
_cJO-AjNU
041 _aara
050 1 4 _aDS154.52.R55.M35 2020
100 3 _aملاجي، رعد أحمد,
_eauthor
_963623
245 0 0 _aعلي رضا الركابي ودوره السياسي في عهد الحكومة العربية الفيصلية وامارة شرق الاردن 1918-1926م
250 _aالطبعة الاولى
264 3 1 _aعمان: وزارة الثقافة، 2020
300 _a436ص
_bيحتوي على قائمة مراجع ومصادر من ص 425-436ص
336 _atext
_btxt
_2rdacontent
337 _aunmediated
_bn
_2rdamedia
338 _avolume
_bnc
_2rdacarrier
490 0 _aسلسلة كتب ثقافية212 تصدرها وزارة الثقافة/الاردن
650 4 _aعلي رضا الركابي-عهد الامير عبدالله-امارة شرق الاردن-الحكومة-التاريخ السياسي-تاريخ الاردن
_963624
999 _aA28870
_c32438
_d32438